000 01290nam a2200337 i 4500
001 179095
003 ES-MaACL
005 20240219213325.0
008 110907s2002 sp acfo |||| |dspa d
020 _a84-01-53054-7
080 _a327(460:520)"1939/1955"
100 1 _aRodao García, Florentino.
_9147859
245 1 0 _aFranco y el imperio japonés /
_cFlorentino Rodao ; prólogo de Stanley Payne.
250 _a1ª ed.
260 _aBarcelona :
_bPlaza & Janés,
_c2002.
300 _a668 p., 16 p. de lám. fot. ;
_c22 cm.
490 1 _aAsí fue: la historia rescatada ;
_v49
500 _aÍndice.
504 _aBibliografía: p. 593-[620]
600 1 4 _aFranco Bahamonde, Francisco,
_d1892-1975
_952240
650 0 4 _aGuerra mundial, 1939-1945-
_xParticipación española.
_913251
651 4 _aEspaña-
_xPolítica exterior-
_y1939-1955.
_98424
651 4 _aJapón-
_xPolítica exterior-
_y1939-1955.
_9147860
651 4 _aJapón-
_xRelaciones-
_zEspaña.
_9162370
700 1 _aPayne, Stanley G.
_989729
830 1 _aAsí fue: la historia rescatada ;
_v49
_9224398
852 _aES-MaACL
_9185965
_bR.145808
_jA-11483
_dOlim: N-4487
_cDEPO1
_xDonación: Editorial
942 _2udc
_cMONOGRAFIA
999 _c179095
_d179095